The "Piping guide" : (Запис № 536903)
[ простий вигляд ]
| 000 -LEADER | |
|---|---|
| fixed length control field | 01741cam a2200361Mu 4500 |
| 001 - CONTROL NUMBER | |
| control field | pipingguidecompa00sher |
| 003 - CONTROL NUMBER IDENTIFIER | |
| control field | CaSfIA |
| 005 - DATE AND TIME OF LATEST TRANSACTION | |
| control field | 20210118210523.0 |
| 007 - PHYSICAL DESCRIPTION FIXED FIELD--GENERAL INFORMATION | |
| fixed length control field | cr|||| |
| 008 - FIXED-LENGTH DATA ELEMENTS--GENERAL INFORMATION | |
| fixed length control field | 920116s1976 cau 000 0 eng d |
| 040 ## - CATALOGING SOURCE | |
| Original cataloging agency | SzZUIDS |
| Description conventions | ETHICS-ISBD |
| Language of cataloging | ger |
| Transcribing agency | CHVBK |
| Modifying agency | CaSfIA |
| 020 ## - INTERNATIONAL STANDARD BOOK NUMBER | |
| International Standard Book Number | 0914082000 (softcover set) |
| 020 ## - INTERNATIONAL STANDARD BOOK NUMBER | |
| International Standard Book Number | 9780914082002 (softcover set) |
| 020 ## - INTERNATIONAL STANDARD BOOK NUMBER | |
| International Standard Book Number | 0914082035 (hardcover book) |
| 020 ## - INTERNATIONAL STANDARD BOOK NUMBER | |
| International Standard Book Number | 9780914082033 (hardcover book) |
| 035 ## - SYSTEM CONTROL NUMBER | |
| System control number | (OCoLC)636282219 |
| 029 0# - (OCLC) | |
| OCLC library identifier | CHVBK |
| System control number | 109266080 |
| 245 05 - TITLE STATEMENT | |
| Title | The "Piping guide" : |
| Medium | [electronic resource] |
| Remainder of title | a compact reference for the design and drafting of industrial piping systems / |
| Statement of responsibility, etc | David R. Sherwood, Dennis J. Whistance. |
| 250 ## - EDITION STATEMENT | |
| Edition statement | First ed. revised. |
| 260 ## - PUBLICATION, DISTRIBUTION, ETC. (IMPRINT) | |
| Place of publication, distribution, etc | [Cotati, CA, USA] : |
| Name of publisher, distributor, etc | [Syentek Books], |
| Date of publication, distribution, etc | cop. 1976. |
| 300 ## - PHYSICAL DESCRIPTION | |
| Extent | 2 parts. |
| 500 ## - GENERAL NOTE | |
| General note | andere Ausgabe: <<The>> "Piping guide" for the design and drafting of industrial piping systems. |
| 506 ## - RESTRICTIONS ON ACCESS NOTE | |
| Standardized terminology for access restriction | Необхідна авторизація на https://archive.org/ (створення облікового запису безкоштовно) |
| 506 ## - RESTRICTIONS ON ACCESS NOTE | |
| Standardized terminology for access restriction | Необхідна авторизація на https://openlibrary.org/ (створення облікового запису безкоштовно) |
| 653 ## - INDEX TERM--UNCONTROLLED | |
| Uncontrolled term | ROHRLEITUNGEN (ROHRE, SCHLÄUCHE) |
| 653 ## - INDEX TERM--UNCONTROLLED | |
| Uncontrolled term | PIPELINES (PIPES, TUBES, HOSES) |
| 653 ## - INDEX TERM--UNCONTROLLED | |
| Uncontrolled term | CONDUITES, TUYAUTERIE, PIPELINES (TUYAUX, MANCHES) |
| 700 1# - ADDED ENTRY--PERSONAL NAME | |
| Personal name | Sherwood, David R. |
| 700 1# - ADDED ENTRY--PERSONAL NAME | |
| Personal name | Whistance, Dennis J. |
| 856 41 - ELECTRONIC LOCATION AND ACCESS | |
| Uniform Resource Identifier | <a href="http://www.archive.org/details/pipingguidecompa00sher">http://www.archive.org/details/pipingguidecompa00sher</a> |
| Public note | Free eBook from the Internet Archive |
| 856 42 - ELECTRONIC LOCATION AND ACCESS | |
| Uniform Resource Identifier | <a href="http://www.openlibrary.org/books/OL24390374M">http://www.openlibrary.org/books/OL24390374M</a> |
| Public note | Additional information and access via Open Library |
| 942 ## - ADDED ENTRY ELEMENTS (KOHA) | |
| Koha item type | ЕКнига |
Немає доступних примірників.